Les Clips de Vald les plus visionnés sur YouTube - Statistiques

Statistiques générales
  • Ce quiz a été pris 54 fois
  • Le résultat moyen est 9 sur 20
Statistiques - réponses
Nombres de vues CLIP % Correct
172M Désaccordé
94%
26M Vitrine
77%
24M Bonjour
64%
33M Ma Meilleure Amie
64%
12M Selfie
64%
27M Journal Perso 2
60%
9.7M Péon
60%
8M Ce Monde Est Cruel
55%
21M Gris
55%
23M Eurotrap
47%
17M Strip
47%
31M Rappel
38%
18M Deviens Génial
34%
10M Je T'aime
32%
15M Megadose
32%
17M GOTAGA
30%
8M Trophée
23%
13M Si j'arrêtais
19%
13M Promesse
15%
9.9M Par Toutatis
13%
Aucun quiz correspondant
Distribution des résultats
% des personnes avec chaque résultat
Percentile par nombre de réponses
Votre historique - résultats
Vous n’avez pas pris ce quiz